| 000 | 00446nam a22001817a 4500 | ||
|---|---|---|---|
| 005 | 20230905104802.0 | ||
| 008 | 230905b |||||||| |||| 00| 0 eng d | ||
| 020 | _a9780170120081 | ||
| 082 |
_a659.1 _bCHI-I |
||
| 100 | _aChitty,William, | ||
| 245 | _aIntegrated Marketing Communication: | ||
| 250 | _a1st | ||
| 260 |
_aAustralia: _bThomson, _c2005 |
||
| 300 | _a468 pages: | ||
| 500 | _aInclude Index. | ||
| 650 | _aMarketing | ||
| 999 |
_c33428 _d33428 |
||